[Event "Niedersachsen-ch op-A"]
[Site "Verden"]
[Date "2013.01.06"]
[Round "7"]
[White "Martin, Dennis"]
[Black "Pausch, Andreas"]
[Result "1/2-1/2"]
[WhiteElo "1898"]
[BlackElo "1746"]
[PlyCount "29"]
[EventDate "2013.01.03"]
[EventType "swiss"]
[EventRounds "7"]
[EventCountry "GER"]
[SourceTitle "EXT 2014"]
[Source "ChessBase"]
[SourceDate "2013.11.20"]
[SourceVersion "1"]
[SourceVersionDate "2013.11.20"]
[SourceQuality "1"]

1. e4 Nf6 2. Nc3 d5 3. e5 d4 4. exf6 dxc3 5. fxe7 cxd2+ 6. Qxd2 Qxd2+ 7. Bxd2 Bxe7 8. Nf3 Nc6 9. Bb5 Bd7 10. 0-0-0 0-0-0 11. Bc3 f6 12. Rhe1 Bc5 13. Rd2 Rhe8 14. Red1 a6 15. Bd3 1/2-1/2